000 00583cam0a220019300 4500
001 tmp15938065
003 UPRA
005 20190822110106.0
008 951114s1976 xx eng u
035 _a(Sirsi) r50325
035 _a(UPRA)tmp15938065
040 _cUPRA
100 1 _aTarg, S. (Semen Mikhailovich)
_qTarg, S. (Semen Mikhailovich)
_6A8310.1
245 1 0 _aTheoretical mechanics :
_ba short course.
260 _c1976.
949 _aQA805
_wlcc
_i-63364
_mMAIN
_p2500
_tBOOK
_lON-SHELF
949 _aQA805
_wlcc
_i33729001844955
_mMAIN
_p2500
_tBOOK
_lON-SHELF
004 50325
999 _c131790
_d131790